Estatísticas para Países com Mais Universidades de Ponta

Clique aqui para jogar o quiz

Estatísticas Gerais

  • Esse quiz foi jogado 4 139 vezes
  • A pontuação média é 13 de 15

Estatísticas das Respostas

#País% Correto
47Estados Unidos
100%
28Reino Unido
95%
11Alemanha
94%
7Canadá
94%
12China
94%
5França
94%
3Espanha
92%
9Japão
92%
9Austrália
84%
5Suécia
81%
7Suíça
80%
7Coreia do Sul
77%
10Países Baixos
70%
4Bélgica
66%
3Dinamarca
66%

Distribuição das Pontuações

Percentil de Números Respondidos

Porcentagem de Pessoas com Cada Pontuação

Sua Pontuação Histórica

Você não jogou esse quiz